000 00917nam a22002297a 4500
999 _c4817
_d4817
003 OSt
005 20250826201203.0
008 250826b ||||| |||| 00| 0 eng d
020 _a978-612-49725-0-8
040 _cENA
245 0 0 _aOrgullo de ser peruano : crónicas de vida de compatriotas por elección /
_cedición: Guido Canchari Obregón ; redacción: Rubén Quiroz Ávila
250 _aPrimera edición
260 _aLima :
_bSuperintendencia Nacional de Migraciones,
_c2024.
300 _a133 páginas :
_bilustraciones en color ;
_c22 x 30 cm.
650 _aEmpresarios
_zPerú
_xAnécdotas.
_96234
650 _aAptitud creadora en los negocios
_zPerú.
_96235
650 _aInmigrantes
_zPerú
_xAnécdotas.
_96236
650 _aCapacidad empresarial
_zPerú.
_96237
700 _aCanchari Obregón, Guido, 1975-
_eeditor.
_96238
700 _aQuiroz Ávila, Rubén, 1974-
_eredactor.
_96239
942 _cLIB